000 01247cam a2200349 i 4500
001 vtls003112099
003 MY-SjTCS
005 20200306163225.0
008 110218s2005 enkao b 000 0 eng d
020 _a0500285799 (paperback)
020 _a9780500285794 (paperback)
039 9 _a201809071430
_bVLOAD
_c201504110959
_dpushpa
_c201102181405
_dVLOAD
_c200811241807
_dVLOAD
_y200804031828
_zmalathy
040 _erda
082 0 4 _a725.98092
_bTZO
100 1 _aTzonis, Alexander.
_915072
245 1 0 _aCalatrava bridges /
_c[Alexander Tzonis, Rebeca Caso Donadei]
264 1 _aLondon :
_bThames & Hudson,
_c[2005]
264 4 _c©2005.
300 _a272 pages :
_billustrations (chiefly colour) ;
_c21 cm
336 _atext
_2rdacontent
336 _astill image
_2rdacontent
337 _aunmediated
_2rdamedia
338 _avolume
_2rdacarrier
490 0 _aArchitecture/design series
504 _aIncludes bibliographical references (page 265).
600 1 0 _aCalatrava, Santiago,
_d1951-
_914834
650 0 _aBridges.
_9212158
650 0 _aBridges
_xDesign and construction
_vPictorial works.
_9229583
650 0 _aArchitecture
_xAesthetics.
_915117
700 1 _aDonadei, Rebecca Caso.
_9229584
920 _aSABD : 526834, 215347
999 _c40275